[Event "BL 0809 Hamburger SK - OSC Baden Baden"]
[Site "?"]
[Date "2008.11.30"]
[Round "6.7"]
[White "Dautov, Rustem"]
[Black "Reeh, Oliver"]
[Result "1-0"]
[WhiteElo "2601"]
[BlackElo "2429"]
[PlyCount "79"]
[EventDate "2008.??.??"]

1. d4 Nf6 2. c4 e6 3. Nf3 Bb4+ 4. Bd2 Qe7 5. g3 Nc6 6. Nc3 Bxc3 7. Bxc3 Ne4 8.
Rc1 O-O 9. Bg2 d6 10. d5 Nd8 11. O-O f5 12. Nd2 Nxc3 13. Rxc3 e5 14. c5 Nf7 15.
cxd6 cxd6 16. Qb3 f4 17. Rfc1 fxg3 18. hxg3 Qg5 19. Ne4 Qh6 20. Rc7 Bf5 21.
Qxb7 Rab8 22. Qxa7 Rxb2 23. Qa3 Rxe2 24. Qf3 Rxe4 25. Qxf5 Ra4 26. R1c2 g6 27.
Qe6 Raa8 28. Re7 Qh5 29. Bf1 Qf3 30. Be2 Qf5 31. Qxf5 gxf5 32. Bh5 Ng5 33. Rcc7
Kh8 34. f4 exf4 35. gxf4 Rg8 36. Kf1 Rxa2 37. fxg5 Rxg5 38. Rxh7+ Kg8 39. Rhd7
Ra8 40. Bf7+ 1-0

[Event "BL 0809 Hamburger SK - OSC Baden Baden"]
[Site "?"]
[Date "2008.11.30"]
[Round "6.8"]
[White "Sebastian, Dirk"]
[Black "Schlosser, Philipp"]
[Result "0-1"]
[WhiteElo "2432"]
[BlackElo "2567"]
[PlyCount "82"]
[EventDate "2008.??.??"]

1. e4 c5 2. Nf3 e6 3. d4 cxd4 4. Nxd4 a6 5. Nc3 b5 6. Bd3 d6 7. O-O Nf6 8. Qe2
Be7 9. Bd2 O-O 10. Kh1 Qb6 11. Nf3 Nc6 12. a4 b4 13. Nd1 a5 14. Ne3 Ba6 15. Nc4
Qb7 16. Bf4 Rfd8 17. e5 dxe5 18. Nfxe5 Rd5 19. b3 Nxe5 20. Bxe5 Nd7 21. f4 Rf8
22. Rf3 g6 23. Rh3 Nxe5 24. fxe5 Rfd8 25. Rf1 Bxc4 26. bxc4 R5d7 27. Rhf3 Bf8
28. h4 h5 29. c5 Bxc5 30. Rg3 Bf8 31. Qxh5 Bg7 32. Qg5 Qc7 33. h5 Bxe5 34. Bxg6
fxg6 35. Qxg6+ Rg7 36. Qxe6+ Kh7 37. Rxg7+ Qxg7 38. g4 Kh8 39. Kg2 Rd2+ 40. Rf2
Qb7+ 41. Kg1 Rd1+ 0-1

[Event "BL 0809 Schachfr. Berlin - SC Eppingen"]
[Site "?"]
[Date "2008.11.30"]
[Round "6.1"]
[White "Braun, Arik"]
[Black "Polzin, Rainer"]
[Result "1-0"]
[WhiteElo "2567"]
[BlackElo "2500"]
[PlyCount "51"]
[EventDate "2008.??.??"]

1. d4 Nf6 2. c4 g6 3. Nf3 Bg7 4. g3 O-O 5. Bg2 d6 6. O-O Nbd7 7. Nc3 e5 8. e4
a6 9. h3 b5 10. Qc2 c6 11. Rd1 Qe7 12. c5 dxc5 13. dxe5 Nxe5 14. Nxe5 Qxe5 15.
Bf4 Qe6 16. Bd6 Re8 17. e5 Nd7 18. f4 Bb7 19. Ne4 f6 20. Bxc5 Rad8 21. Nd6 Nxc5
22. Nxe8 Qxe8 23. Qxc5 fxe5 24. fxe5 Rxd1+ 25. Rxd1 Bxe5 26. Qb6 1-0

[Event "BL 0809 Schachfr. Berlin - SC Eppingen"]
[Site "?"]
[Date "2008.11.30"]
[Round "6.2"]
[White "Lauber, Arnd"]
[Black "Balogh, Csaba"]
[Result "1/2-1/2"]
[WhiteElo "2497"]
[BlackElo "2616"]
[PlyCount "61"]
[EventDate "2008.??.??"]

1. d4 d5 2. c4 c6 3. Nc3 Nf6 4. e3 g6 5. Nf3 Bg7 6. Be2 O-O 7. O-O Bg4 8. cxd5
cxd5 9. Qb3 b6 10. h3 Bc8 11. Ne5 Bb7 12. Bd2 Nc6 13. Nxc6 Bxc6 14. Rfc1 Qd7
15. a4 Rfc8 16. Rc2 e6 17. Rac1 Bf8 18. Bb5 Ne8 19. Bxc6 Rxc6 20. Nb1 Rac8 21.
Qd3 Nd6 22. b3 b5 23. Rxc6 Rxc6 24. Rxc6 Qxc6 25. axb5 Nxb5 26. Nc3 Nxc3 27.
Bxc3 Bd6 28. g3 h5 29. h4 Kf8 30. Kf1 Ke7 31. Qd1 1/2-1/2

[Event "BL 0809 Schachfr. Berlin - SC Eppingen"]
[Site "?"]
[Date "2008.11.30"]
[Round "6.3"]
[White "Gyimesi, Zoltan"]
[Black "Schneider, Ilja"]
[Result "1-0"]
[WhiteElo "2592"]
[BlackElo "2486"]
[PlyCount "59"]
[EventDate "2008.??.??"]

1. d4 d5 2. c4 c6 3. Nf3 Nf6 4. Nc3 a6 5. c5 Nbd7 6. Bf4 Nh5 7. g3 Nxf4 8. gxf4
b6 9. b4 g6 10. e3 Bg7 11. Rc1 O-O 12. Be2 f6 13. h4 bxc5 14. bxc5 e5 15. h5
exf4 16. exf4 Re8 17. hxg6 hxg6 18. Kf1 Nf8 19. Nh4 Bh6 20. Bd3 f5 21. Qf3 Qf6
22. Nxg6 Nxg6 23. Rxh6 Qg7 24. Rh5 Qxd4 25. Ne2 Qf6 26. Ng3 Re4 27. Rg5 Ra7 28.
Bxe4 dxe4 29. Qb3+ Rf7 30. Nh5 1-0

[Event "BL 0809 Schachfr. Berlin - SC Eppingen"]
[Site "?"]
[Date "2008.11.30"]
[Round "6.4"]
[White "Kraemer, Martin"]
[Black "Bindrich, Falko"]
[Result "1/2-1/2"]
[WhiteElo "2482"]
[BlackElo "2517"]
[PlyCount "110"]
[EventDate "2008.??.??"]

1. e4 c6 2. d3 d5 3. Nd2 e5 4. Ngf3 Nd7 5. Qe2 dxe4 6. Nxe4 Be7 7. d4 exd4 8.
Nd6+ Kf8 9. Nxc8 Rxc8 10. Nxd4 Ngf6 11. Be3 Qa5+ 12. Qd2 Qxd2+ 13. Bxd2 Ne4 14.
Be3 Ndf6 15. Bd3 Nc5 16. Bf5 Re8 17. O-O-O h5 18. Nb3 Nxb3+ 19. axb3 a6 20. Bd4
g6 21. Bd7 Rd8 22. Bh3 Kg7 23. Rhe1 Bb4 24. Re4 Bc5 25. Bc3 Rxd1+ 26. Kxd1 Rd8+
27. Ke2 b6 28. b4 Bd6 29. Rc4 Re8+ 30. Kf1 c5 31. bxc5 bxc5 32. f4 Be7 33. Ra4
Kf8 34. Rxa6 Nd5 35. Bd2 Nb4 36. Bxb4 cxb4 37. f5 Kg7 38. fxg6 fxg6 39. c3 bxc3
40. bxc3 Bc5 41. Ra2 Re3 42. Rc2 Kf6 43. Bd7 Ke5 44. g3 g5 45. Kg2 h4 46. Bc6
hxg3 47. hxg3 Kd6 48. Bf3 Ke5 49. Bb7 Ke6 50. Bf3 Ke5 51. Rc1 Ba3 52. Rd1 Rxc3
53. Rd5+ Kf6 54. Be4 Rc5 55. Rxc5 Bxc5 1/2-1/2

[Event "BL 0809 Schachfr. Berlin - SC Eppingen"]
[Site "?"]
[Date "2008.11.30"]
[Round "6.6"]
[White "Abel, Dennes"]
[Black "Guliyev, Namig"]
[Result "0-1"]
[WhiteElo "2328"]
[BlackElo "2521"]
[PlyCount "74"]
[EventDate "2008.??.??"]

1. d4 d5 2. c4 dxc4 3. e4 b5 4. b3 Bb7 5. f3 e5 6. bxc4 Bb4+ 7. Kf2 Nf6 8. d5
c6 9. Be3 O-O 10. Qb3 Qe7 11. a3 Bc5 12. Bxc5 Qxc5+ 13. Qe3 Qe7 14. d6 Qxd6 15.
cxb5 cxb5 16. Bxb5 Bxe4 17. Nc3 Bb7 18. Nge2 Nbd7 19. Rhd1 Qe6 20. Rd2 Nb6 21.
Kf1 Rac8 22. Rb1 Rc7 23. Bd3 Nfd5 24. Nxd5 Bxd5 25. Re1 Bc4 26. Kf2 Bxd3 27.
Rxd3 Nc4 28. Qe4 Qb6+ 29. Kf1 f5 30. Qd5+ Kh8 31. Nc3 Rc5 32. Qd7 Rcc8 33. Nd5
Qa6 34. Kg1 e4 35. Rd4 Qxa3 36. Ne7 Ne5 37. Qb7 Rc1 0-1

[Event "BL 0809 Schachfr. Berlin - SC Eppingen"]
[Site "?"]
[Date "2008.11.30"]
[Round "6.7"]
[White "Mann, Christian"]
[Black "Rudolf, Henrik"]
[Result "1/2-1/2"]
[WhiteElo "2461"]
[BlackElo "2368"]
[PlyCount "40"]
[EventDate "2008.??.??"]

1. g3 Nf6 2. Bg2 g6 3. e4 d6 4. d4 Bg7 5. Ne2 O-O 6. O-O e5 7. Nbc3 exd4 8.
Nxd4 Bd7 9. h3 Nc6 10. Be3 Re8 11. Re1 Nxd4 12. Bxd4 c5 13. Be3 Bc6 14. Bf4 Re6
15. Qd2 Qe8 16. Bxd6 Nxe4 17. Nxe4 Bxe4 18. Bxe4 Rxe4 19. Rxe4 Qxe4 20. Re1 Qc6
1/2-1/2

[Event "BL 0809 Schachfr. Berlin - SC Eppingen"]
[Site "?"]
[Date "2008.11.30"]
[Round "6.8"]
[White "Thinius, Marco"]
[Black "Vogt, Lothar"]
[Result "1-0"]
[WhiteElo "2421"]
[BlackElo "2446"]
[PlyCount "111"]
[EventDate "2008.??.??"]

1. e4 c5 2. Nf3 e6 3. d4 cxd4 4. Nxd4 Nf6 5. Nc3 d6 6. g4 h6 7. h3 Nc6 8. Be3
a6 9. Bg2 Nxd4 10. Qxd4 e5 11. Qd2 Be6 12. O-O-O Qa5 13. Kb1 O-O-O 14. Nd5 Qxd2
15. Nb6+ Kc7 16. Rxd2 Be7 17. Rhd1 Nd7 18. Nd5+ Bxd5 19. Rxd5 Nb8 20. f4 exf4
21. Bxf4 Nc6 22. c4 Ne5 23. a4 f6 24. a5 Kb8 25. b3 Rc8 26. Bc1 Rc5 27. Ba3
Rxd5 28. Rxd5 Kc7 29. Kc2 Bf8 30. Bc1 Be7 31. Bf4 g5 32. Bg3 h5 33. gxh5 Rxh5
34. Kd2 Rh8 35. Ke2 Kc6 36. Kf2 Rb8 37. Bf3 b5 38. cxb5+ Rxb5 39. Be2 Rxb3 40.
Bxa6 Bd8 41. Be2 Rb2 42. Bxe5 fxe5 43. Kf3 Rb4 44. a6 Bb6 45. Bd3 Rd4 46. Kg4
Rxd5 47. exd5+ Kxd5 48. Kxg5 e4 49. Bf1 Kc6 50. Kf5 Kd7 51. Kf6 d5 52. h4 d4
53. h5 Ke8 54. h6 d3 55. h7 Bd4+ 56. Ke6 1-0

[Event "BL 0809 Hamburger SK - Schachfr. Berlin"]
[Site "?"]
[Date "2008.10.03"]
[Round "7.1"]
[White "Nataf, Igor-Alexandre"]
[Black "Gustafsson, Jan"]
[Result "1/2-1/2"]
[WhiteElo "2534"]
[BlackElo "2620"]
[PlyCount "119"]
[EventDate "2008.??.??"]

1. e4 e5 2. Nf3 Nc6 3. Bb5 a6 4. Bxc6 dxc6 5. O-O f6 6. d4 exd4 7. Nxd4 c5 8.
Ne2 Qxd1 9. Rxd1 Bd7 10. Be3 O-O-O 11. Nbc3 Re8 12. Rd2 Bc6 13. Rad1 b6 14. a4
Ne7 15. a5 Kb7 16. Rd8 g6 17. Nf4 Bh6 18. Ne6 Bxe3 19. fxe3 bxa5 20. Nxc5+ Ka7
21. R8d4 f5 22. Ra1 Kb6 23. Nd7+ Bxd7 24. Rxd7 Nc6 25. Nd5+ Kc5 26. Rxc7 Kd6
27. Rd1 Rxe4 28. Rb7 Ke5 29. Nb6 Ke6 30. Rbd7 Ne7 31. b3 Kf6 32. Kf2 Re6 33.
Rb7 Kg5 34. Rdd7 Re8 35. Nc4 Ng8 36. Rxh7 Nf6 37. Rh3 Ng4+ 38. Kf1 Nxe3+ 39.
Rxe3 Rxe3 40. Nxe3 Rxe3 41. Rc7 Re4 42. Rc6 a4 43. Rxa6 axb3 44. cxb3 Re3 45.
Rb6 Rc3 46. h3 Rc1+ 47. Kf2 Rc2+ 48. Kg1 f4 49. Rd6 Rb2 50. Rd3 Kh4 51. Kh2 g5
52. Rd8 Kh5 53. Rd3 Kh4 54. Rf3 Rb1 55. Rc3 Rb2 56. Kg1 Ra2 57. Kf1 Rb2 58. Rd3
Ra2 59. Rf3 Rb2 60. Rd3 1/2-1/2

[Event "BL 0809 Hamburger SK - Schachfr. Berlin"]
[Site "?"]
[Date "2008.10.03"]
[Round "7.2"]
[White "Baramidze, David"]
[Black "Miezis, Normunds"]
[Result "1-0"]
[WhiteElo "2593"]
[BlackElo "2540"]
[PlyCount "117"]
[EventDate "2008.??.??"]

1. e4 c5 2. Nf3 e6 3. d4 cxd4 4. Nxd4 a6 5. Nc3 Qc7 6. Be2 b5 7. O-O Bb7 8. Re1
Nc6 9. Nxc6 dxc6 10. e5 Bb4 11. Bd2 c5 12. Bf3 Bxc3 13. Bxb7 Qxb7 14. Bxc3 Rd8
15. Qg4 Ne7 16. Red1 O-O 17. b3 h6 18. h3 Nf5 19. Bb2 Qc6 20. c4 b4 21. Qe2 a5
22. a4 bxa3 23. Rxa3 Qb7 24. Bc3 Nh4 25. f3 Nf5 26. Rxd8 Rxd8 27. Bxa5 Nd4 28.
Qd1 Rd7 29. Be1 Qb8 30. f4 Rb7 31. Bf2 Nxb3 32. Qd6 Qc8 33. Kh2 Rd7 34. Rxb3
Rxd6 35. exd6 Qc6 36. Bxc5 Qxc5 37. Rb8+ Kh7 38. d7 Qxc4 39. d8=Q Qxf4+ 40. Kg1
Qc1+ 41. Kf2 Qf4+ 42. Ke2 Qe4+ 43. Kd1 Qa4+ 44. Kd2 Qa2+ 45. Kc3 Qxg2 46. Qd3+
f5 47. Rb6 Qa2 48. Ra6 Qf2 49. Rxe6 Qc5+ 50. Kb3 h5 51. Rd6 Qf2 52. Rd4 h4 53.
Rd6 Qf4 54. Kc3 Qe5+ 55. Kc4 g6 56. Qd4 Qe2+ 57. Kc5 Qe1 58. Rd7+ Kh6 59. Qf4+
1-0

[Event "BL 0809 Hamburger SK - Schachfr. Berlin"]
[Site "?"]
[Date "2008.10.03"]
[Round "7.3"]
[White "Polzin, Rainer"]
[Black "Kempinski, Robert"]
[Result "0-1"]
[WhiteElo "2520"]
[BlackElo "2613"]
[PlyCount "90"]
[EventDate "2008.??.??"]

1. e4 c5 2. Nc3 a6 3. f4 e6 4. Nf3 Nc6 5. Qe2 b5 6. d3 b4 7. Nd1 Nf6 8. Nf2 d5
9. g4 dxe4 10. dxe4 Be7 11. g5 Nd7 12. h4 a5 13. Ng4 Qc7 14. h5 Nd4 15. Nxd4
cxd4 16. h6 g6 17. Qf2 Qc5 18. Bd3 Bb7 19. O-O O-O 20. Qg3 Qc7 21. Nf2 Nc5 22.
Bd2 Rac8 23. Rae1 Qd7 24. f5 Nxd3 25. cxd3 exf5 26. exf5 Bd6 27. Bf4 Bxf4 28.
Qxf4 Qxf5 29. Qxf5 gxf5 30. Nh3 Rfe8 31. Nf4 Re3 32. Rc1 Rg3+ 33. Kh2 Rxg5 34.
Rxc8+ Bxc8 35. Rc1 Be6 36. Rc5 Kf8 37. Rxa5 Rg4 38. Ne2 Ke7 39. b3 Kd6 40. Ng3
Rf4 41. Ra6+ Ke5 42. Ra5+ Bd5 43. Kh3 Rf3 44. Kh4 Rxd3 45. Nh5 Rd1 0-1

[Event "BL 0809 Hamburger SK - Schachfr. Berlin"]
[Site "?"]
[Date "2008.10.03"]
[Round "7.4"]
[White "Ftacnik, Lubomir Dr"]
[Black "Lauber, Arnd"]
[Result "1/2-1/2"]
[WhiteElo "2544"]
[BlackElo "2502"]
[PlyCount "83"]
[EventDate "2008.??.??"]

1. Nf3 d5 2. d4 Nf6 3. c4 e6 4. g3 dxc4 5. Bg2 c6 6. a4 c5 7. O-O Nc6 8. dxc5
Qxd1 9. Rxd1 Bxc5 10. Nbd2 c3 11. bxc3 Bd7 12. Nb3 Be7 13. Nfd4 O-O 14. Ba3
Bxa3 15. Rxa3 Rac8 16. Nc5 Nxd4 17. cxd4 b6 18. Nxd7 Nxd7 19. a5 Rc7 20. axb6
Nxb6 21. Rda1 Rd8 22. e3 Rdd7 23. Ra5 g6 24. g4 Nc4 25. Rb5 Nb6 26. h4 Kg7 27.
Bf3 Rd6 28. Rc5 Rdd7 29. Rca5 Nc4 30. Ra6 Nb6 31. Kg2 Nc4 32. Kg3 Nb6 33. R1a2
Re7 34. g5 h6 35. Kf4 hxg5+ 36. hxg5 e5+ 37. dxe5 Rc4+ 38. e4 Nd5+ 39. Kg3 Nc3
40. R2a5 Nxe4+ 41. Bxe4 Rxe4 42. Rxa7 1/2-1/2

[Event "BL 0809 Hamburger SK - Schachfr. Berlin"]
[Site "?"]
[Date "2008.10.03"]
[Round "7.5"]
[White "Schneider, Ilja"]
[Black "Mueller, Karsten Dr"]
[Result "1/2-1/2"]
[WhiteElo "2468"]
[BlackElo "2517"]
[PlyCount "69"]
[EventDate "2008.??.??"]

1. e4 e5 2. Nf3 Nc6 3. Bb5 a6 4. Ba4 Nf6 5. O-O b5 6. Bb3 Be7 7. Re1 O-O 8. d4
d6 9. c3 Bg4 10. Be3 exd4 11. cxd4 d5 12. e5 Ne4 13. h3 Bh5 14. Nbd2 Qd7 15.
Nxe4 dxe4 16. e6 fxe6 17. Ne5 Nxe5 18. Qxh5 Nc4 19. Qg4 Qd5 20. Bh6 Qxd4 21.
Qxe6+ Kh8 22. Qxe7 gxh6 23. Rxe4 Qxf2+ 24. Kh1 Qxb2 25. Rd1 Rg8 26. Re2 Qg7 27.
Rd7 Qa1+ 28. Kh2 Rg7 29. Qxg7+ Qxg7 30. Rxg7 Kxg7 31. Re7+ Kh8 32. Bc2 c5 33.
Rxh7+ Kg8 34. Rc7 Ne3 35. Rxc5 1/2-1/2

[Event "BL 0809 Hamburger SK - Schachfr. Berlin"]
[Site "?"]
[Date "2008.10.03"]
[Round "7.6"]
[White "Heinemann, Thies"]
[Black "Degtiarev, Evgeny"]
[Result "1-0"]
[WhiteElo "2485"]
[BlackElo "2367"]
[PlyCount "127"]
[EventDate "2008.??.??"]

1. e4 e5 2. Nf3 Nc6 3. Bb5 a6 4. Bxc6 dxc6 5. O-O Ne7 6. Nxe5 Qd4 7. Qh5 g6 8.
Qg5 Bg7 9. Nd3 f5 10. e5 Qg4 11. f4 Qxg5 12. fxg5 h6 13. gxh6 Rxh6 14. b3 b6
15. Bb2 g5 16. Nc3 Be6 17. Rae1 O-O-O 18. Re2 c5 19. h3 Nc6 20. Nd1 Nd4 21.
Bxd4 cxd4 22. N1f2 c5 23. Nh1 Bf8 24. Ng3 f4 25. Ne4 Be7 26. Ne1 c4 27. d3 cxd3
28. cxd3 Rg6 29. Nf3 Bf5 30. Rc1+ Kb7 31. Rc4 g4 32. hxg4 Bxg4 33. Rf2 Bf5 34.
Re2 Bg4 35. Kf2 b5 36. Rc1 Kb6 37. Rh1 Rc8 38. Rh7 Bb4 39. Nf6 Bf5 40. Nd5+ Ka5
41. Nxf4 Rxg2+ 42. Kxg2 Rg8+ 43. Kh2 Bxh7 44. Nxd4 Bc5 45. Nde6 Bg1+ 46. Kh1
Ba7 47. a3 b4 48. Ra2 Rg1+ 49. Kh2 Re1 50. axb4+ Kxb4 51. Rxa6 Bg1+ 52. Kg2
Kxb3 53. Rc6 Kb4 54. Ng5 Kb5 55. Rf6 Rxe5 56. Nxh7 Bd4 57. Rd6 Bc5 58. Rd8 Bb6
59. Rb8 Rf5 60. Kf3 Kc6 61. Re8 Bc7 62. Re4 Kc5 63. Ng5 Be5 64. Kg4 1-0

[Event "BL 0809 Hamburger SK - Schachfr. Berlin"]
[Site "?"]
[Date "2008.10.03"]
[Round "7.7"]
[White "Abel, Dennes"]
[Black "Beikert, Guenther Dr"]
[Result "1/2-1/2"]
[WhiteElo "2322"]
[BlackElo "2470"]
[PlyCount "71"]
[EventDate "2008.??.??"]

1. e4 Nf6 2. e5 Nd5 3. c4 Nb6 4. d4 d6 5. f4 dxe5 6. fxe5 Nc6 7. Be3 Bf5 8. Nc3
e6 9. Be2 Qd7 10. Nf3 O-O-O 11. O-O Bg4 12. c5 Nd5 13. Nxd5 Qxd5 14. b4 Qe4 15.
Qd2 f6 16. h3 Nxd4 17. Nxd4 Bxe2 18. Rf4 Qd3 19. Qxd3 Bxd3 20. Nxe6 Re8 21.
Nxf8 Rhxf8 22. Bd4 f5 23. Rd1 Be4 24. Bc3 Re6 25. b5 Rd8 26. Rxd8+ Kxd8 27. g4
g6 28. Kf2 Ke8 29. gxf5 Bxf5 30. Ra4 c6 31. Rxa7 cxb5 32. Rxb7 Ra6 33. Rxh7 Ra3
34. Bd4 Rxa2+ 35. Ke3 Ra3+ 36. Ke2 1/2-1/2

[Event "BL 0809 Hamburger SK - Schachfr. Berlin"]
[Site "?"]
[Date "2008.10.03"]
[Round "7.8"]
[White "Huschenbeth, Niclas"]
[Black "Thinius, Marco"]
[Result "1/2-1/2"]
[WhiteElo "2414"]
[BlackElo "2387"]
[PlyCount "109"]
[EventDate "2008.??.??"]

1. e4 e6 2. d4 d5 3. Nc3 Bb4 4. e5 c5 5. a3 Bxc3+ 6. bxc3 Qa5 7. Bd2 Qa4 8. Qb1
c4 9. h4 Nc6 10. h5 Bd7 11. h6 gxh6 12. Qd1 O-O-O 13. Bxh6 Nxh6 14. Rxh6 Rdg8
15. Ne2 Qa5 16. Qd2 Rg6 17. Rh4 Qd8 18. g3 f6 19. Nf4 Rgg8 20. exf6 Qxf6 21.
O-O-O Nd8 22. Bg2 Nf7 23. Kb2 h6 24. Qe3 Nd6 25. Qe5 Qxe5 26. dxe5 Nf5 27. Rh2
Ne7 28. Bh3 Rg5 29. Bxe6 Bxe6 30. Nxe6 Rxe5 31. Nf4 Rf5 32. Rdh1 Rf6 33. Rh5
Rb6+ 34. Kc1 Rd6 35. Re1 Kd7 36. Rhe5 Rh7 37. Ne6 Rf7 38. Nc5+ Kc6 39. Rxe7
Rxe7 40. Rxe7 Kxc5 41. Kd2 Rf6 42. Ke3 Ra6 43. Rc7+ Kb6 44. Rh7 Kc5 45. Rxb7
Rxa3 46. Kd2 Ra1 47. Rc7+ Kb5 48. Rh7 Rf1 49. Ke2 Rc1 50. Kd2 Rf1 51. Ke3 Rc1
52. Rxa7 Rxc2 53. Ra3 Kc5 54. f4 Rxc3+ 55. Rxc3 1/2-1/2

[Event "BL 0809 SG Turm Trier - SC Remagen"]
[Site "?"]
[Date "2008.10.03"]
[Round "7.1"]
[White "Fedorchuk, Sergey"]
[Black "Parligras, Mircea"]
[Result "1/2-1/2"]
[WhiteElo "2624"]
[BlackElo "2588"]
[PlyCount "33"]
[EventDate "2008.??.??"]

1. e4 c5 2. Nf3 e6 3. d4 cxd4 4. Nxd4 Nf6 5. Nc3 Nc6 6. Nxc6 bxc6 7. e5 Nd5 8.
Ne4 Bb7 9. Be2 c5 10. O-O Qc7 11. c4 Ne3 12. Nd6+ Bxd6 13. exd6 Qc6 14. Bf3
Nxd1 15. Bxc6 Bxc6 16. Rxd1 O-O 17. Be3 1/2-1/2

[Event "BL 0809 SG Turm Trier - SC Remagen"]
[Site "?"]
[Date "2008.10.03"]
[Round "7.2"]
[White "Bobras, Piotr"]
[Black "Goloshchapov, Alexander"]
[Result "1/2-1/2"]
[WhiteElo "2561"]
[BlackElo "2579"]
[PlyCount "48"]
[EventDate "2008.??.??"]

1. e4 e6 2. d4 d5 3. Nc3 dxe4 4. Nxe4 Nd7 5. Bd3 Ngf6 6. Qe2 c5 7. Nf3 Nxe4 8.
Bxe4 Nf6 9. O-O Nxe4 10. Qxe4 Qd5 11. Qxd5 exd5 12. Re1+ Be6 13. dxc5 Bxc5 14.
Be3 Be7 15. Bg5 Bc5 16. Be3 Be7 17. Bd4 O-O 18. c3 Rfe8 19. Re3 a6 20. Rae1 Bf8
21. Ne5 Rac8 22. a3 f6 23. Ng6 hxg6 24. Rxe6 Kf7 1/2-1/2

[Event "BL 0809 SG Turm Trier - SC Remagen"]
[Site "?"]
[Date "2008.10.03"]
[Round "7.3"]
[White "Gharamian, Tigran"]
[Black "Cyborowski, Lukasz"]
[Result "1/2-1/2"]
[WhiteElo "2560"]
[BlackElo "2546"]
[PlyCount "33"]
[EventDate "2008.??.??"]

1. e4 d6 2. d4 Nf6 3. Nc3 e5 4. dxe5 dxe5 5. Qxd8+ Kxd8 6. Bg5 Be6 7. O-O-O+
Nbd7 8. f4 exf4 9. Nf3 h6 10. Bxf4 Bc5 11. h3 Nh5 12. Bh2 Be3+ 13. Kb1 Bf4 14.
g4 Bxh2 15. Rxh2 Nf4 16. Rhd2 Ng6 17. Nb5 1/2-1/2

[Event "BL 0809 SG Turm Trier - SC Remagen"]
[Site "?"]
[Date "2008.10.03"]
[Round "7.5"]
[White "Dgebuadze, Alexandre"]
[Black "Svetushkin, Dmitry"]
[Result "1-0"]
[WhiteElo "2562"]
[BlackElo "2587"]
[PlyCount "133"]
[EventDate "2008.??.??"]

1. e4 e5 2. Nf3 Nc6 3. Bc4 Bc5 4. d3 Nf6 5. O-O d6 6. a3 a6 7. b4 Ba7 8. Be3
O-O 9. Nbd2 Ne7 10. Bb3 Ng6 11. Re1 Re8 12. Nf1 c6 13. Bxa7 Rxa7 14. d4 Bg4 15.
Ne3 Bxf3 16. Qxf3 exd4 17. Nf5 c5 18. c3 c4 19. Bxc4 Ne5 20. Qe2 b5 21. Bb3
dxc3 22. Qe3 Rc7 23. Rad1 d5 24. Bxd5 c2 25. Bxf7+ Kxf7 26. Rxd8 Rxd8 27. h3
Nd3 28. Qg5 Ke6 29. Rf1 c1=Q 30. Rxc1 Rxc1+ 31. Kh2 Rd7 32. Nxg7+ Rxg7 33. Qxg7
Nxf2 34. Qa7 N6xe4 35. Qxa6+ Kd5 36. Qxb5+ Kd4 37. Qb6+ Kd3 38. Qa6+ Kc3 39. g4
Rc2 40. Kg2 Nxg4+ 41. Kf3 Ngf6 42. b5 Kd4 43. Qa7+ Ke5 44. Qb8+ Kf5 45. b6 Rf2+
46. Ke3 Nd5+ 47. Kd4 Rd2+ 48. Kc4 Ne3+ 49. Kb5 Rb2+ 50. Kc6 Rc2+ 51. Kd7 Nf6+
52. Ke7 Ned5+ 53. Kd6 Nf4 54. b7 Ne4+ 55. Ke7 Ng6+ 56. Kf7 Ng5+ 57. Kg7 Ne6+
58. Kh6 Rb2 59. Qc8 Rh2 60. Qc3 Ngf4 61. b8=Q Rxh3+ 62. Qxh3+ Nxh3 63. Qb5+ Kf6
64. Qb2+ Ke7 65. a4 Nhf4 66. a5 Nd5 67. Qb7+ 1-0

[Event "BL 0809 SG Turm Trier - SC Remagen"]
[Site "?"]
[Date "2008.10.03"]
[Round "7.6"]
[White "Jaracz, Pawel"]
[Black "Degraeve, Jean-Marc"]
[Result "1/2-1/2"]
[WhiteElo "2501"]
[BlackElo "2523"]
[PlyCount "35"]
[EventDate "2008.??.??"]

1. e4 e5 2. Nf3 Nc6 3. Bb5 f5 4. Nc3 fxe4 5. Nxe4 d5 6. Nxe5 dxe4 7. Nxc6 Qg5
8. Qe2 Nf6 9. Ne5+ c6 10. f4 Qxf4 11. d4 Qh4+ 12. g3 Qh3 13. Bc4 Be6 14. Qf1
Qxf1+ 15. Rxf1 Nd5 16. Rf2 Bd6 17. Re2 Bxe5 18. dxe5 1/2-1/2

[Event "BL 0809 SG Turm Trier - SC Remagen"]
[Site "?"]
[Date "2008.10.03"]
[Round "7.7"]
[White "Mainka, Romuald"]
[Black "Flumbort, Andras"]
[Result "1/2-1/2"]
[WhiteElo "2480"]
[BlackElo "2495"]
[PlyCount "38"]
[EventDate "2008.??.??"]

1. e4 c5 2. Nf3 d6 3. Bb5+ Nd7 4. c3 Ngf6 5. Qe2 a6 6. Ba4 b5 7. Bc2 Bb7 8. O-O
c4 9. b3 cxb3 10. axb3 e5 11. d4 Be7 12. d5 O-O 13. Na3 Ne8 14. Bd2 f5 15. exf5
Bxd5 16. c4 bxc4 17. Nxc4 Bf6 18. Ra5 Bb7 19. Be4 Qb8 1/2-1/2

[Event "BL 0809 SG Turm Trier - SC Remagen"]
[Site "?"]
[Date "2008.10.03"]
[Round "7.8"]
[White "Kolbus, Dietmar"]
[Black "Swinkels, Robin"]
[Result "1/2-1/2"]
[WhiteElo "2393"]
[BlackElo "2459"]
[PlyCount "145"]
[EventDate "2008.??.??"]

1. c4 Nf6 2. Nc3 d5 3. cxd5 Nxd5 4. Nf3 Nxc3 5. bxc3 c5 6. g3 g6 7. Bg2 Bg7 8.
O-O O-O 9. Rb1 Nc6 10. c4 b6 11. d3 Bb7 12. Bb2 Bxb2 13. Rxb2 Nd4 14. Nxd4 Qxd4
15. Rb3 Bxg2 16. Kxg2 e5 17. Qa1 Rad8 18. Qxd4 Rxd4 19. a4 e4 20. Ra1 exd3 21.
exd3 Rfd8 22. Raa3 g5 23. a5 R8d6 24. axb6 axb6 25. h3 Kg7 26. Kf1 h5 27. Kg2
g4 28. hxg4 hxg4 29. Kf1 Rf6 30. Rb1 Rfd6 31. Rbb3 Rh6 32. Kg2 Rd8 33. Ra1 Rdh8
34. Rg1 Rh2+ 35. Kf1 Ra8 36. Rb1 Ra2 37. Rg2 Rh1+ 38. Rg1 Rh2 39. Rg2 Rh1+ 40.
Rg1 Rh6 41. Kg2 Rf6 42. Rgf1 Rd2 43. Rb3 Kg8 44. Kg1 Kf8 45. Ra3 Ke7 46. Re1+
Kd6 47. Ra8 Rdxf2 48. Rg8 R2f3 49. Rxg4 Rg6 50. Rxg6+ fxg6 51. Rd1 Rxg3+ 52.
Kf2 Rg4 53. Rb1 Kc6 54. Ke3 Rd4 55. Rh1 Kb7 56. Rh7+ Ka6 57. Kd2 Rg4 58. Rg7
Rg3 59. Rc7 g5 60. Ke2 g4 61. Rg7 Ka5 62. Rg6 Rg2+ 63. Ke3 g3 64. Kf4 Rf2+ 65.
Ke3 Rg2 66. Kf4 Kb4 67. Rxb6+ Kc3 68. Rc6 Rd2 69. Rxc5 g2 70. Rg5 Kxd3 71. Kf3
Kxc4 72. Rxg2 Rxg2 73. Kxg2 1/2-1/2

[Event "BL 0809 Solinger SG - SV Wattenscheid"]
[Site "?"]
[Date "2008.10.03"]
[Round "7.2"]
[White "Werle, Jan"]
[Black "Macieja, Bartlomiej"]
[Result "1/2-1/2"]
[WhiteElo "2591"]
[BlackElo "2606"]
[PlyCount "71"]
[EventDate "2008.??.??"]

1. d4 Nf6 2. c4 e6 3. Nf3 d5 4. Nc3 dxc4 5. e4 Bb4 6. Bg5 c5 7. Bxc4 cxd4 8.
Nxd4 Bxc3+ 9. bxc3 Qa5 10. Bb5+ Bd7 11. Bxf6 gxf6 12. Bxd7+ Nxd7 13. O-O a6 14.
Rb1 Qc7 15. Qh5 Nc5 16. Rb4 Qe5 17. Qh4 Qg5 18. Qh3 Rg8 19. g3 h5 20. Rc4 Rc8
21. Nb3 b6 22. Nxc5 Rxc5 23. f4 Qg4 24. Qxg4 hxg4 25. Rxc5 bxc5 26. Rb1 Kf8 27.
f5 Kg7 28. fxe6 fxe6 29. Rb6 e5 30. Rxa6 Rd8 31. Ra5 Rd1+ 32. Kf2 c4 33. Ra4
Rd2+ 34. Kg1 Rd1+ 35. Kf2 Rd2+ 36. Kg1 1/2-1/2

[Event "BL 0809 Solinger SG - SV Wattenscheid"]
[Site "?"]
[Date "2008.10.03"]
[Round "7.3"]
[White "Rustemov, Alexander"]
[Black "Smeets, Jan"]
[Result "1/2-1/2"]
[WhiteElo "2547"]
[BlackElo "2593"]
[PlyCount "92"]
[EventDate "2008.??.??"]

1. Nf3 d5 2. d4 Nf6 3. c4 c6 4. e3 Bg4 5. h3 Bh5 6. Nc3 e6 7. g4 Bg6 8. Ne5
Nbd7 9. Nxg6 hxg6 10. Bd2 Bb4 11. cxd5 exd5 12. Bd3 Qe7 13. f3 c5 14. Qe2 O-O
15. O-O Rac8 16. Rae1 Qd8 17. a3 Ba5 18. Qf2 a6 19. g5 Nh5 20. f4 cxd4 21. exd4
Nb8 22. f5 Qd6 23. fxg6 fxg6 24. Qh2 Rxf1+ 25. Rxf1 Qc6 26. Qf2 Qe6 27. Re1 Qc6
28. Re7 Rf8 29. Qe2 Bb6 30. Qe5 Nd7 31. Qxd5+ Qxd5 32. Nxd5 Bxd4+ 33. Be3 Ne5
34. Bxd4 Nxd3 35. Rxb7 Rd8 36. Ne7+ Kh7 37. Bc3 Ndf4 38. h4 Rd3 39. Kf2 Ng3 40.
Nc6 Ne4+ 41. Ke1 Nxc3 42. bxc3 Rxc3 43. Nd8 Rxa3 44. Kf2 Nd3+ 45. Ke2 Nf4+ 46.
Kf2 Nd3+ 1/2-1/2

[Event "BL 0809 Solinger SG - SV Wattenscheid"]
[Site "?"]
[Date "2008.10.03"]
[Round "7.4"]
[White "Jussupow, Artur"]
[Black "Czarnota, Pawel"]
[Result "1/2-1/2"]
[WhiteElo "2587"]
[BlackElo "2526"]
[PlyCount "48"]
[EventDate "2008.??.??"]

1. d4 Nf6 2. c4 g6 3. Nc3 Bg7 4. e4 d6 5. f3 O-O 6. Bg5 c5 7. d5 h6 8. Be3 a6
9. Qd2 Kh7 10. Rc1 e6 11. b3 exd5 12. cxd5 b5 13. Bd3 Nbd7 14. Nge2 Bb7 15. O-O
Rc8 16. Nd1 Ne5 17. Bb1 Re8 18. Nf2 a5 19. h3 b4 20. f4 Ned7 21. Rfe1 a4 22.
Ng3 axb3 23. axb3 Ra8 24. Qc2 Nb6 1/2-1/2